NCAA FBS Cat Mascots - Statistics

General Stats
  • This quiz has been taken 224 times
  • The average score is 11 of 18
Answer Stats
Hint Answer % Correct
SEC LSU TIGERS
88%
ACC CLEMSON TIGERS
81%
SEC KENTUCKY WILDCATS
80%
PAC 12 ARIZONA WILDCATS
75%
SEC AUBURN TIGERS
75%
SEC MISSOURI TIGERS
75%
BIG 10 PENN ST NITNANY LIONS
71%
PAC 12 WASHINGTON ST COUGARS
70%
BIG 10 NORTHWESTERN WILDCATS
64%
BIG 12 KANSAS ST WILDCATS
63%
ACC PITTSBURGH PANTHERS
54%
AAC MEMPHIS TIGERS
52%
MID AMERICAN OHIO BOBCATS
52%
INDPEN. BYU COUGARS
43%
AAC HOUSTON COUGARS
42%
SUN BELT SOUTH ALABAMA JAGUARS
40%
SUN BELT TEXAS ST BOBCATS
30%
SUN BELT GEORGIA STATE PANTHERS
29%
No matching quizzes found
Score Distribution
Percent of People with Each Score
Percentile by Number Answered
Your Score History
You have not taken this quiz